L'Europe de la Révolution Industrielle - 4ème - Statistiques

Statistiques générales
  • Ce quiz a été pris 185 fois
  • Le résultat moyen est 8 sur 10
Statistiques - réponses
Question Réponse % Correct
Quelle invention est à l'origine de la révolution industrielle ? Machine à vapeur.
97%
Quel nouveau moyen de transport se généralise très vite au XIXème siècle ? Le train.
96%
Quelle nouvelle façon de travailler se généralise avec la révolution industrielle ? Le travail en usine.
93%
Laquelle de ces inventions n'est pas faite durant la révolution industrielle ? Le Nokia 3310.
92%
Dans quel pays se développe en premier la révolution industrielle ? Le Royaume-Uni.
91%
Qu'est-ce que l'exode rural ? Déplacement important de population des campagnes vers les villes.
90%
Comment appelle t-on la classe sociale composée de personnes pauvres travaillant à l'usine ? Le prolétariat.
77%
Laquelle de ces énergies n'est pas découverte durant la révolution industrielle ? Le nucléaire.
76%
Comment surnomme t-on l'année 1848, durant laquelle de nombreuses révolutions ont éclatées en Europe. Le Printemps des peuples.
61%
Quand commence la première révolution industrielle ? Au XVIIIème siècle.
55%
Aucun quiz correspondant
Distribution des résultats
% des personnes avec chaque résultat
Percentile par nombre de réponses
Votre historique - résultats
Vous n’avez pas pris ce quiz